| 000 | 00000cas 2200000zi 4500 |
| 001 | 9.931900 |
| 003 | CaOODSP |
| 005 | 20251222141923 |
| 006 | m o d f |
| 007 | cr cn |||||||| |
| 008 | 240102c20239999bccar p o f0 b0fre|d |
| 022 | |a2818-9930 |
| 040 | |aCaOODSP|bfre|erda|cCaOODSP |
| 043 | |an-cn---|an-cn-bc |
| 086 | 1 |aIu97-1/9F-PDF |
| 110 | 1 |aCanada. |bDéveloppement économique Canada pour le Pacifique, |eauteur, |eorganisme de publication. |
| 222 | 0|aPlan sur l'accessibilité, rapport d'avancement annuel |b(Canada. Développement économique Canada pour le Pacifique) |
| 245 | 10|aPlan sur l'accessibilité, rapport d'avancement annuel / |cPacifiCan. |
| 264 | 1|aVancouver (Colombie-Britannique) : |bDéveloppement économique Canada pour le Pacifique = Pacific Economic Development Canada, |c[2023]- |
| 310 | |aAnnuel |
| 336 | |atexte|btxt|2rdacontent/fre |
| 337 | |ainformatique|bc|2rdamedia/fre |
| 338 | |aressource en ligne|bcr|2rdacarrier/fre |
| 362 | 1 |aParaît depuis : Décembre 2023. |
| 500 | |aPublié aussi en anglais sous le titre : Accessibility plan, annual progress report. |
| 588 | |aDescription d'après : Décembre 2023. |
| 588 | |aDernière livraison consultée : Décembre 2024. |
| 610 | 16|aCanada. |bDéveloppement économique Canada pour le Pacifique|xPlanification|vPériodiques. |
| 650 | 6|aAccessibilité aux personnes handicapées|zCanada|xPlanification|vPériodiques. |
| 650 | 6|aAccessibilité aux personnes handicapées|zColombie-Britannique|xPlanification|vPériodiques. |
| 650 | 6|aPersonnes handicapées|xPolitique gouvernementale|zCanada|vPériodiques. |
| 650 | 6|aPersonnes handicapées|xPolitique gouvernementale|zColombie-Britannique|vPériodiques. |
| 655 | 7|aPériodiques|2rvmgf |
| 775 | 08|tAccessibility plan, annual progress report / |w(CaOODSP)9.931899 |